1025 1081 1569 1504 1915 1268 1764 1900 1156 1575 1992 1667 1616 1552 1108 1486 1344 1049 1044 1712 1874 1892 1210 1116 1718 1348 1707 1395 1606 1704 1999 1848 1757 1256 1449 1761 1948 1961 1444 1524 1768 1872 1887 1798 1214 1207 1691 1557 1951 1249 1781 1724 1662 1886 1760 1268 1283 1002 1406 1663 1302 1834 1925 1441 1202 1275 1700 1712 1683 1468 1008 1971 1876 1461 1774 1902 1994 1069 1125 1793 1200 1311 1067 1262 1621 1192 1467 1921 1136 1625 1505 1986 1262 1416 1565 1715 1277 1666 1049 BCNSPRNW ULIB Ver.6.0+V

เปลี่ยนเป็นภาษาไทย

Change to English
 แสดงรายละเอียดบรรณานุกรม
  กลับหน้าหลัก

Brief Record : Get Marc (ISO 2709) : E-mail record : QR code < ปิดหน้าต่าง
LEADER : 00000nam 2200000uu 4500
001    13399125865
003     ULIB
008    020711s2560 th a 000 0 tha d
020    ^a9789990122954
060    ^aWY101^bA-
245    ^aAmbulatory Medicine :กลยุทธ์การบริบาลผู้ป่วยนอก 2560.
260    ^aกรุงเทพฯ :ู^bเทพเพ็ญวานิสย์,^c2560
300    ^a496 หน้า;^c21 ซม.
650    ^aการพยาบาล-ผู้ป่วย
945    ^p400^l0^i003253
999    ^aประนอม เกษจรัล
รายการนี้ยังไม่มีแท็ก
คุณยังไม่ได้ล็อกอิน คุณสามารถมีกิจกรรมร่วมกับเว็บไซต์ได้ แต่ต้องล็อกอินก่อน ::
  ล็อกอิน

รายการสื่อสารสนเทศ

ลำดับที่ ประเภท เลขเรียก/บาร์โค้ด สถานที่ สถานะ
1. วิทยาศาสตร์การแพทย์ และสุขภาพ
หนังสือสำรอง
สถานะ=หนังสือสำรอง
WY101 A- ฉ.1 
  Barcode: 003253
ห้องสมุดวิทยาเขตสวรรค์ประชารักษ์
►หนังสือทั่วไป
บนชั้น

รายการใกล้เคียง
    หัวเรื่อง [การพยาบาล-ผู้ป่วย]

BibComment


ยังไม่เคยถูกคอมเมนท์

คอมเมนท์ทรัพยากรรายการนี้
  คอมเมนท์: Ambulatory Medic..


 Copyright 2026. Bcnsprnw @Library